| 000 | 00000nam##2200000za#4500 |
| 001 | 9.665348 |
| 003 | CaOODSP |
| 005 | 20220818080255 |
| 007 | ta |
| 008 | 150407|2004||||xxc||||| f|0| 0 fre|d |
| 020 | |a0-662-68004-9 |
| 040 | |aCaOODSP|bfre |
| 041 | |aeng |
| 041 | |afre |
| 043 | |an-cn--- |
| 086 | 1 |aIP54-2/2004 |
| 110 | 2 |aCommissariat à la protection de la vie privée du Canada. |
| 245 | 10|aProtection des renseignements personnels - vos responsabilités : |bla Loi sur la protection des documents personnels et les documents électroniques du Canada - guide à l'intention des entreprises et des organisations |
| 260 | |aOttawa - Ontario : |bCommissariat à la protection de la vie privée du Canada |c2004. |
| 300 | |aTexte français, 30p. ; |c28 cm. |
| 520 | 3 |aCe guide aide les entreprises à comprendre leurs obligations en vertu de la Partie 1 de la Loi sur la protection des renseignements personnels et les documents électroniques, et à s’y conformer. La Loi établit des règles de base sur la gestion des renseignements personnels dans le secteur privé. Le guide explique quelles organisations sont visées par la Loi, les principes relatifs à l’équité dans le traitement des renseignements, et les exceptions aux principes du consentement et de l’accès. Il explique également le rôle du Commissaire à la protection de la vie privée et le processus de traitement des plaintes. |
| 563 | |aCouverture souple |
| 590 | |a05-46|b2005-11-18 |
| 691 | 07|aRenseignements personnels|2gcpds |
| 776 | 0#|tProtection des renseignements personnels - vos responsabilités : |w(CaOODSP)9.632369 |
| 776 | 0#|tYour privacy responsibilities : |w(CaOODSP)9.687929 |
| 791 | |tYour privacy responsibilities : |eeng|w(CaOODSP)9.665347 |